National Anthem of South Africa Lyrics - Statistics

General Stats
  • This quiz has been taken 57 times
  • The average score is 56 of 83
Answer Stats
Hint Answer % Correct
English Africa
98%
Sotho Afrika
98%
Sotho Afrika
98%
Xhosa Nkosi
91%
Zulu Nkosi
91%
Sotho O
89%
Sotho O
89%
Sotho o
89%
Sotho South
84%
Sotho South
84%
English South
84%
Sotho le
82%
Xhosa sikelel'
82%
Sotho se
80%
Sotho se
80%
English and
77%
English and
77%
Afrikaans ons
75%
Afrikaans ons
75%
English our
75%
Afrikaans die
73%
Afrikaans die
73%
Afrikaans die
73%
Afrikaans see
73%
Afrikaans Uit
73%
Afrikaans Uit
73%
Afrikaans van
73%
Afrikaans van
73%
English call
70%
English come
70%
Afrikaans diepte
70%
English for
70%
English freedom
70%
English in
70%
English land
70%
English Sounds
70%
English to
70%
English together
70%
English we
70%
English stand
68%
English Let
66%
English live
66%
Xhosa lwayo
66%
Zulu lwayo
66%
Sotho sa
66%
Sotho sa
66%
Sotho sa
66%
English united
66%
English us
66%
Afrikaans blou
64%
Afrikaans hemel
64%
English shall
64%
English strive
64%
English the
64%
Xhosa iAfrika
61%
Sotho Morena
61%
Zulu sikelela
61%
Zulu thina
61%
Afrikaans gee
59%
Sotho heso
59%
Sotho heso
59%
Afrikaans onse
59%
Afrikaans Oor
59%
Zulu yethu
59%
Sotho boloke
57%
Sotho boloke
57%
Sotho boloke
57%
Afrikaans ewige
57%
Sotho fedise
57%
Zulu lusapho
57%
Afrikaans antwoord
55%
Sotho dintwa
55%
Afrikaans kranse
55%
Xhosa uphondo
52%
Afrikaans waar
52%
Afrikaans gebergtes
50%
Sotho setjhaba
48%
Sotho setjhaba
48%
Sotho setjhaba
48%
Zulu Yizwa
45%
Zulu imithandazo
41%
Xhosa Maluphakanyisw'
39%
Sotho matshwenyeho
20%
No matching quizzes found
Score Distribution
Percent of People with Each Score
Percentile by Number Answered
Your Score History
You have not taken this quiz